[Event "Banff op"]
[Site "Banff"]
[Date "2022.11.11"]
[Round "1"]
[White "Chandra, Anand Rishi"]
[Black "Chen, Ricky"]
[Result "1-0"]
[WhiteElo "1892"]
[BlackElo "1536"]
[PlyCount "71"]
[EventDate "2022.11.11"]
[EventType "swiss"]
[EventRounds "6"]
[EventCountry "CAN"]
[SourceTitle "CBM 211 Extra"]
[Source "ChessBase"]
[SourceDate "2023.01.31"]
[SourceVersion "1"]
[SourceVersionDate "2023.01.31"]
[SourceQuality "1"]

1. e4 g6 2. d4 Bg7 3. Nf3 c5 4. c3 cxd4 5. cxd4 d5 6. e5 Nc6 7. Nc3 Nh6 8. h3 0-0 9. Bf4 f6 10. Qd2 Nf7 11. exf6 Bxf6 12. Be2 Bg7 13. 0-0 Nd6 14. Nxd5 Ne4 15. Qc2 Bf5 16. Ne3 Nxd4 17. Nxd4 Qxd4 18. Nxf5 gxf5 19. Be3 Qf6 20. Rad1 Nd6 21. Bd4 Qf7 22. Bf3 Rac8 23. Qe2 Bxd4 24. Rxd4 Kh8 25. Re1 Rc7 26. Bd5 Qf6 27. Qe3 Re8 28. Rb4 b6 29. Be6 Ne4 30. Bxf5 Nxf2 31. Qxf2 Rf8 32. Rf1 e6 33. Bd3 Qxf2+ 34. Rxf2 Rc1+ 35. Rf1 Rfxf1+ 36. Bxf1 1-0